[Event "Online Olym Div2 E 2021"]
[Site "chess.com INT"]
[Date "2021.09.03"]
[Round "4.5"]
[Board "3"]
[White "Hernandez Alvarez, Tania Regla"]
[Black "Ortez, Andrea"]
[Result "0-1"]
[WhiteTitle "WIM"]
[BlackTitle "WIM"]
[WhiteElo "2041"]
[BlackElo "1969"]
[WhiteTeam "Costa Rica"]
[BlackTeam "El Salvador"]
[WhiteFideId "3501442"]
[BlackFideId "6702392"]
[EventDate "2021.09.02"]
[EventType "team"]

1. Nf3 d5 2. g3 Nf6 3. b3 Bf5 4. Bb2 e6 5. Bg2 Be7 6. O-O h6 7. d3 O-O 8. c4 c6
9. Nbd2 Nbd7 10. a3 a5 11. Qb1 Qb6 12. Bc3 Rfc8 13. b4 axb4 14. axb4 Rxa1 15.
Qxa1 Bxb4 16. Bxb4 Qxb4 17. Rb1 Qd6 18. Rxb7 Rb8 19. Rxb8+ Qxb8 20. Nd4 Qb6 21.
Qa8+ Kh7 22. Nxf5 exf5 23. cxd5 cxd5 24. Bxd5 Ng4 25. e3 Nxe3 26. Bxf7 Nf6 27.
Qf3 Qa7 28. fxe3 Qxf7 29. Qxf5+ Kh8 30. Ne4 Qa7 31. Nxf6 Qxe3+ 32. Qf2 Qc1+ 33.
Kg2 gxf6 34. Qxf6+ Kh7 35. d4 Qc2+ 36. Qf2 Qd3 37. h4 Kg6 38. g4 Qe4+ 39. Kg3
Qd3+ 40. Kh2 Qe4 41. h5+ Kg5 42. Qd2+ Kxg4 43. d5 Qe5+ 44. Kg2 Qg3+ 45. Kf1 Qf3+
46. Ke1 Qh1+ 47. Ke2 Qxh5 48. d6 Kg3+ 49. Ke3 Qe5+ 50. Kd3 Qxd6+ 51. Ke2 Qxd2+
52. Kxd2 h5 53. Ke2 Kg2 0-1

[Event "Online Olym Div2 E 2021"]
[Site "chess.com INT"]
[Date "2021.09.03"]
[Round "4.5"]
[Board "4"]
[White "Garcia, Angie"]
[Black "Rodriguez Arrieta, Maria Elena"]
[Result "0-1"]
[WhiteTitle "WFM"]
[BlackTitle "WIM"]
[WhiteElo "1802"]
[BlackElo "1905"]
[WhiteTeam "El Salvador"]
[BlackTeam "Costa Rica"]
[WhiteFideId "6702503"]
[BlackFideId "6502911"]
[EventDate "2021.09.02"]
[EventType "team"]

1. e4 e5 2. Nf3 Nc6 3. d4 exd4 4. Nxd4 Nf6 5. Nxc6 bxc6 6. e5 Qe7 7. Qe2 Nd5 8.
c4 Nb6 9. Nc3 g6 10. Qe4 Bg7 11. f4 O-O 12. Bd3 Qh4+ 13. g3 Qh3 14. Be3 Bb7 15.
O-O-O Rfe8 16. Qf3 Rab8 17. Ne4 Qe6 18. b3 d6 19. Rhe1 dxe5 20. Nc5 Qf6 21. Be4
Ba8 22. f5 Rbd8 23. fxg6 hxg6 24. Qxf6 Bxf6 25. Rxd8 Rxd8 26. Rd1 Re8 27. Kc2
Bg7 28. g4 Nc8 29. Na6 Ne7 30. Nxc7 Rc8 31. Rd7 Bf8 32. Nxa8 Rxa8 33. Rxa7 Rc8
34. g5 Kg7 35. Bc5 Nf5 36. Bxf8+ Kxf8 37. Bxf5 gxf5 38. Rd7 Kg7 39. a4 e4 40.
Kd2 c5 41. Rd5 Kg6 42. h4 Rb8 43. Kc3 Rh8 44. Rd6+ Kg7 45. Rf6 Rxh4 46. Rxf5
Rh3+ 47. Kb2 e3 48. Re5 f6 49. gxf6+ Kxf6 50. Re4 Kf5 51. Re8 Kf4 52. Kc2 Rh2+
53. Kd3 Rd2+ 54. Kc3 Rd6 55. b4 cxb4+ 56. Kxb4 Rd4 57. a5 Re4 58. Rf8+ Ke5 59.
Re8+ Kd4 60. Rd8+ Ke5 61. a6 e2 62. Re8+ Kd4 63. Rxe4+ Kxe4 64. a7 e1=Q+ 65. Kb5
Qb1+ 66. Ka6 Qa2+ 67. Kb7 Qb3+ 68. Ka8 Qxc4 69. Kb8 Qb5+ 70. Ka8 Qc6+ 71. Kb8
Qb6+ 72. Ka8 Qd8+ 73. Kb7 Qd7+ 74. Ka8 Qc8# 0-1

[Event "Online Olym Div2 E 2021"]
[Site "chess.com INT"]
[Date "2021.09.03"]
[Round "4.5"]
[Board "5"]
[White "Cabezas Solano, David Alejandro"]
[Black "Perez Salazar, Armando"]
[Result "1-0"]
[WhiteTitle "CM"]
[WhiteElo "2004"]
[BlackElo "1932"]
[WhiteTeam "Costa Rica"]
[BlackTeam "El Salvador"]
[WhiteFideId "6507522"]
[BlackFideId "6705260"]
[EventDate "2021.09.02"]
[EventType "team"]

1. e4 c5 2. Nf3 Nc6 3. d4 cxd4 4. Nxd4 g6 5. c4 Bg7 6. Be3 Nf6 7. Nc3 Ng4 8.
Qxg4 Nxd4 9. Qd1 Ne6 10. Qd2 O-O 11. Be2 d6 12. h4 b6 13. Bh6 Bb7 14. h5 g5 15.
Bxg7 Kxg7 16. h6+ Kh8 17. Bg4 Qd7 18. Nb5 Bc8 19. Qc3+ f6 20. Nd4 Qc7 21. Bxe6
Qc5 22. Bd5 Rb8 23. Nc6 Bd7 24. b4 Qxc6 25. Bxc6 Bxc6 26. f3 Rbc8 27. Rc1 Bd7
28. Rh5 Rg8 29. Qd4 Be6 30. a3 Bf7 31. Rh1 Rc7 32. c5 bxc5 33. bxc5 Rd8 34. Kf2
Rdc8 1-0

[Event "Online Olym Div2 E 2021"]
[Site "chess.com INT"]
[Date "2021.09.03"]
[Round "4.5"]
[Board "6"]
[White "Barahona, Dalila Yamileth"]
[Black "Diaz Charpentier, Kristel Meliss"]
[Result "0-1"]
[WhiteElo "1802"]
[BlackElo "1898"]
[WhiteTeam "El Salvador"]
[BlackTeam "Costa Rica"]
[WhiteFideId "6705740"]
[BlackFideId "6511708"]
[EventDate "2021.09.02"]
[EventType "team"]

1. c4 e6 2. g3 d5 3. Bg2 Nf6 4. Nc3 Be7 5. Nf3 d4 6. Nb5 c5 7. O-O Nc6 8. d3 O-O
9. Bd2 e5 10. e3 Re8 11. Re1 a6 12. Na3 Bf5 13. e4 Bd7 14. Nc2 b5 15. b3 Qc7 16.
Qe2 Rab8 17. Rab1 Rb7 18. cxb5 axb5 19. Nh4 Ra7 20. Rb2 Qd6 21. f4 c4 22. fxe5
Nxe5 23. bxc4 bxc4 24. Bf4 cxd3 25. Bxe5 Qxe5 26. Qxd3 Rc8 27. Nf3 Qa5 28. Nfxd4
Bc5 29. Rd1 Rac7 30. Kh1 Ng4 31. Rf1 Ne5 32. Qe2 Ba4 33. Rf5 Bd6 34. h3 f6 35.
Ne3 Rc1+ 36. Kh2 Qc3 37. Nb5 Qc5 38. Nxd6 Qxd6 39. Rd2 Qb6 40. Nd5 Qe6 41. Rb2
Nc4 42. Rb4 Bd7 43. Bf1 Ne5 44. Rb6 Qf7 45. Qf2 R1c2 46. Be2 Bxf5 47. exf5 Qxd5
48. Rb5 Qxb5 0-1

[Event "Online Olym Div2 E 2021"]
[Site "chess.com INT"]
[Date "2021.09.03"]
[Round "5.1"]
[Board "1"]
[White "Chavez, Ricardo Ernesto"]
[Black "Gallego Alcaraz, Andres Felipe"]
[Result "1-0"]
[WhiteTitle "FM"]
[BlackTitle "GM"]
[WhiteElo "2242"]
[BlackElo "2512"]
[WhiteTeam "El Salvador"]
[BlackTeam "Colombia"]
[WhiteFideId "6700098"]
[BlackFideId "4402669"]
[EventDate "2021.09.02"]
[EventType "team"]

1. e4 c5 2. Nf3 Nc6 3. d4 cxd4 4. Nxd4 Nf6 5. Nc3 d6 6. Bg5 e6 7. Qd2 a6 8.
O-O-O Bd7 9. f3 Rb8 10. h4 Na5 11. h5 h6 12. Be3 b5 13. Bd3 Qc7 14. Kb1 e5 15.
Nf5 Bxf5 16. exf5 d5 17. Rhe1 Be7 18. Ne2 Nc4 19. Bxc4 bxc4 20. Ka1 d4 21. Nxd4
exd4 22. Bf4 c3 23. bxc3 dxc3 24. Qe3 Qb7 25. Rb1 Qxb1+ 26. Rxb1 Rxb1+ 27. Kxb1
Nd5 28. Qe4 Nxf4 29. Qc6+ Kd8 30. Qa8+ Kd7 31. Qxh8 Bf6 32. Qf8 Nxg2 33. Qxf7+
Kc6 34. Qc4+ Kb7 35. a4 1-0

[Event "Online Olym Div2 E 2021"]
[Site "chess.com INT"]
[Date "2021.09.03"]
[Round "5.1"]
[Board "2"]
[White "Martinez Romero, Martin"]
[Black "Arias, Lemnys A."]
[Result "1/2-1/2"]
[WhiteTitle "IM"]
[BlackTitle "IM"]
[WhiteElo "2409"]
[BlackElo "2303"]
[WhiteTeam "Colombia"]
[BlackTeam "El Salvador"]
[WhiteFideId "4404025"]
[BlackFideId "6700284"]
[EventDate "2021.09.02"]
[EventType "team"]

1. d4 d5 2. c4 c6 3. Nf3 Nf6 4. e3 a6 5. Nbd2 g6 6. Bd3 Bg7 7. O-O O-O 8. b3 b5
9. Ne5 Nfd7 10. Ndf3 Nxe5 11. dxe5 Bg4 12. Bb2 Nd7 13. cxd5 cxd5 14. Be2 Bxf3
15. Bxf3 e6 16. Rc1 Nxe5 17. Bxe5 Bxe5 18. Be2 Qa5 19. a4 Rac8 20. Qd3 bxa4 21.
bxa4 Qxa4 22. Qxa6 Qxa6 23. Bxa6 Rb8 24. Rb1 Bb2 25. g3 Rb6 26. Be2 Rfb8 27. Kg2
Kg7 28. h4 h5 29. Rfd1 Kf6 30. Rd2 Ke5 31. Rc2 Kd6 32. Rd1 e5 33. Bc4 d4 34.
exd4 Bxd4 35. Bxf7 Ke7 36. Bd5 Rb2 37. Rdd2 Rxc2 38. Rxc2 Rb2 39. Rxb2 1/2-1/2

[Event "Online Olym Div2 E 2021"]
[Site "chess.com INT"]
[Date "2021.09.03"]
[Round "5.1"]
[Board "3"]
[White "Ortez, Andrea"]
[Black "Franco Valencia, Angela"]
[Result "0-1"]
[WhiteTitle "WIM"]
[BlackTitle "WIM"]
[WhiteElo "1969"]
[BlackElo "2089"]
[WhiteTeam "El Salvador"]
[BlackTeam "Colombia"]
[WhiteFideId "6702392"]
[BlackFideId "4403070"]
[EventDate "2021.09.02"]
[EventType "team"]

1. e4 e5 2. Nf3 Nc6 3. Bb5 a6 4. Ba4 d6 5. c3 Bd7 6. d3 g6 7. Qe2 Bg7 8. O-O Nf6
9. Rd1 O-O 10. Nbd2 Nh5 11. Nf1 Nd4 12. cxd4 Bxa4 13. b3 Bb5 14. a4 Bd7 15. dxe5
dxe5 16. Ng3 Nf4 17. Qc2 Bg4 18. Be3 Bxf3 19. gxf3 Qh4 20. Bxf4 exf4 21. Ne2
Bxa1 22. Rxa1 c6 23. Qc5 Rad8 24. d4 Qh3 25. Qc3 g5 26. Rd1 Rd6 27. Qd3 Rh6 28.
Nc3 Rh4 29. Ne2 Qxh2+ 30. Kf1 g4 31. Ng1 g3 32. fxg3 Qxg3 33. Rd2 Rh2 34. Rxh2
Qxh2 35. Ne2 Kh8 36. d5 Rg8 37. Qd4+ Rg7 38. d6 Qh1+ 39. Kf2 Kg8 40. Nxf4 Qg1+ 0-1

[Event "Online Olym Div2 E 2021"]
[Site "chess.com INT"]
[Date "2021.09.03"]
[Round "5.1"]
[Board "4"]
[White "Chirivi C, Jenny Astrid"]
[Black "Garcia, Angie"]
[Result "1-0"]
[WhiteTitle "WIM"]
[BlackTitle "WFM"]
[WhiteElo "2124"]
[BlackElo "1802"]
[WhiteTeam "Colombia"]
[BlackTeam "El Salvador"]
[WhiteFideId "4403061"]
[BlackFideId "6702503"]
[EventDate "2021.09.02"]
[EventType "team"]

1. d4 Nf6 2. c4 g6 3. Nc3 Bg7 4. e4 d6 5. f3 O-O 6. Be3 Nc6 7. Qd2 e5 8. Nge2 a6
9. d5 Nb8 10. g4 c5 11. Ng3 Bd7 12. h4 b5 13. h5 bxc4 14. Bxc4 Qc8 15. Bh6 Ra7
16. Bxg7 Kxg7 17. Nf5+ gxf5 18. Qg5+ Kh8 19. Qxf6+ Kg8 20. h6 fxg4 21. Qg7# 1-0

[Event "Online Olym Div2 E 2021"]
[Site "chess.com INT"]
[Date "2021.09.03"]
[Round "5.1"]
[Board "5"]
[White "Perez Salazar, Armando"]
[Black "Cardoso Cardoso, Jose Gabriel"]
[Result "0-1"]
[BlackTitle "FM"]
[WhiteElo "1932"]
[BlackElo "2428"]
[WhiteTeam "El Salvador"]
[BlackTeam "Colombia"]
[WhiteFideId "6705260"]
[BlackFideId "4430492"]
[EventDate "2021.09.02"]
[EventType "team"]

1. d4 Nf6 2. Bf4 e6 3. e3 c5 4. c3 cxd4 5. exd4 b6 6. Nf3 Bb7 7. Nbd2 Be7 8. Bd3
O-O 9. h3 d6 10. O-O Nbd7 11. Qe2 a6 12. Ne4 Nxe4 13. Bxe4 Bxe4 14. Qxe4 Nf6 15.
Qe2 b5 16. a3 Nd5 17. Bg3 Qb6 18. Nd2 a5 19. Kh1 Rfe8 20. f4 g6 21. Qd3 Rac8 22.
Rae1 Qc6 23. h4 Nf6 24. Nf3 Qc4 25. Qb1 b4 26. axb4 axb4 27. cxb4 Qxb4 28. Ng5
Qxd4 29. f5 exf5 30. Rxf5 gxf5 31. Qxf5 h6 32. Rxe7 Rc1+ 33. Kh2 Rxe7 34. Nf3
Ng4+ 0-1

[Event "Online Olym Div2 E 2021"]
[Site "chess.com INT"]
[Date "2021.09.03"]
[Round "5.1"]
[Board "6"]
[White "Hernandez Bermudez, Manuela"]
[Black "Vasquez Vasquez, Marielos"]
[Result "0-1"]
[BlackTitle "WCM"]
[WhiteElo "1921"]
[BlackElo "1498"]
[WhiteTeam "Colombia"]
[BlackTeam "El Salvador"]
[WhiteFideId "4483103"]
[BlackFideId "6705723"]
[EventDate "2021.09.02"]
[EventType "team"]

1. e4 c5 2. Nf3 Nc6 3. d4 cxd4 4. Nxd4 g6 5. c4 Bg7 6. Nc2 Nf6 7. Nc3 O-O 8. Be2
d6 9. O-O Nd7 10. Bd2 a5 11. Na3 Nc5 12. Nab5 Be6 13. f4 Nb4 14. f5 Bd7 15. Bg5
Nc6 16. Kh1 Ne5 17. Qd2 Bc6 18. Qe3 Qd7 19. Rad1 Rac8 20. f6 exf6 21. Rxd6 Qe7
22. Rdxf6 Ne6 23. Rxg6 f6 24. Rxg7+ Nxg7 25. Bh4 Ng6 26. Bg3 Rfe8 27. Nd6 Ne6
28. c5 Ne5 29. Bxe5 fxe5 30. Bh5 Rf8 31. Bf7+ Kh8 32. Nxc8 Rxc8 33. Bxe6 Qxe6
34. Qg5 Rg8 35. Qf5 Qxf5 36. Rxf5 Re8 37. g3 Kg7 38. Kg2 Kg6 39. Kf3 Bd7 40. g4
Bxf5 41. gxf5+ Kf7 42. Nd5 Rc8 43. a3 Rxc5 44. b4 axb4 45. axb4 Rc2 46. h3 Rb2
47. Kg4 Re2 48. Kf3 Rh2 49. Kg3 Rb2 50. Kg4 Rb3 51. h4 Rd3 52. Kg5 Rd4 53. Nc7
Rxe4 54. b5 Re1 55. Ne6 Rg1+ 56. Kh6 Kg8 57. Nd8 e4 58. Nxb7 e3 59. Nc5 e2 60.
Nd3 Rb1 61. Kg5 Rxb5 62. Kf4 Rb1 63. h5 e1=Q 64. Nxe1 Rxe1 65. Kg5 Rf1 66. h6
Kf7 67. Kg4 Kf6 68. Kh5 Rxf5+ 69. Kg4 Rg5+ 70. Kh4 Rg6 71. Kh5 Kf5 72. Kh4 0-1

[Event "Online Olym Div2 E 2021"]
[Site "chess.com INT"]
[Date "2021.09.03"]
[Round "5.2"]
[Board "1"]
[White "Gemy, Jose Daniel"]
[Black "Valdes Romero, Leonardo"]
[Result "0-1"]
[WhiteTitle "IM"]
[BlackTitle "IM"]
[WhiteElo "2380"]
[BlackElo "2402"]
[WhiteTeam "Bolivia"]
[BlackTeam "Costa Rica"]
[WhiteFideId "3301478"]
[BlackFideId "6500331"]
[EventDate "2021.09.02"]
[EventType "team"]

1. e4 c5 2. Nf3 d6 3. d4 cxd4 4. Nxd4 Nf6 5. Nc3 g6 6. f4 Bg7 7. e5 Nh5 8. Bb5+
Bd7 9. e6 fxe6 10. Nxe6 Bxc3+ 11. bxc3 Qc8 12. Qd4 Nf6 13. Bxd7+ Kxd7 14. Ng5
Qc5 0-1

[Event "Online Olym Div2 E 2021"]
[Site "chess.com INT"]
[Date "2021.09.03"]
[Round "5.2"]
[Board "2"]
[White "Chaves Sanchez, Gabriel A"]
[Black "Cueto, Jonny"]
[Result "0-1"]
[BlackTitle "IM"]
[WhiteElo "2190"]
[BlackElo "2241"]
[WhiteTeam "Costa Rica"]
[BlackTeam "Bolivia"]
[WhiteFideId "6502180"]
[BlackFideId "3300145"]
[EventDate "2021.09.02"]
[EventType "team"]

1. e4 d6 2. d4 Nf6 3. Nc3 e5 4. Nf3 Nbd7 5. Bc4 Be7 6. O-O O-O 7. a4 c6 8. h3 b6
9. Qe2 a6 10. Rd1 Qc7 11. d5 c5 12. Be3 h6 13. Nh4 Nb8 14. Nf5 Bxf5 15. exf5 Re8
16. Kh1 Qc8 17. g4 Nbd7 18. Rg1 Nh7 19. f3 Qb7 20. Bf2 g5 21. fxg6 fxg6 22. Bd3
Kg7 23. h4 Ndf6 24. h5 g5 25. Bg6 Reb8 26. Rgd1 Bf8 27. Ne4 Nxe4 28. Qxe4 Nf6
29. Qd4 cxd4 0-1

[Event "Online Olym Div2 E 2021"]
[Site "chess.com INT"]
[Date "2021.09.03"]
[Round "5.2"]
[Board "3"]
[White "Monroy G., Nataly A."]
[Black "Salazar Gould, Melanie"]
[Result "1-0"]
[WhiteTitle "WIM"]
[BlackTitle "CM"]
[WhiteElo "1957"]
[BlackElo "1900"]
[WhiteTeam "Bolivia"]
[BlackTeam "Costa Rica"]
[WhiteFideId "3304019"]
[BlackFideId "6505090"]
[EventDate "2021.09.02"]
[EventType "team"]

1. d4 Nf6 2. Nf3 g6 3. c4 Bg7 4. Nc3 d6 5. g3 O-O 6. Bg2 Nc6 7. O-O a6 8. Bf4
Nh5 9. Bc1 Rb8 10. d5 Na5 11. Qd3 c5 12. a4 Bd7 13. h3 Qc8 14. g4 Nf6 15. e4 h5
16. g5 Ne8 17. Kh2 Nc7 18. Nd2 f5 19. f4 fxe4 20. Ncxe4 Bf5 21. Ra2 Kh7 22. b3
e5 23. Bb2 Qd7 24. fxe5 dxe5 25. Qg3 Rbe8 26. Nxc5 Qe7 27. Nce4 Bxe4 28. Nxe4
Rxf1 29. Bxf1 Qb4 30. Bc3 Qxb3 31. Rb2 Qxa4 32. Bxa5 Qxa5 33. Rxb7 Qa2+ 34. Qg2
Qa5 35. d6 Ne6 36. Nf6+ Kh8 37. Nxe8 e4 38. Nxg7 Nxg7 39. Qb2 1-0

[Event "Online Olym Div2 E 2021"]
[Site "chess.com INT"]
[Date "2021.09.03"]
[Round "5.2"]
[Board "4"]
[White "Rodriguez Arrieta, Maria Elena"]
[Black "Estrada, Lucia"]
[Result "1-0"]
[WhiteTitle "WIM"]
[BlackTitle "WIM"]
[WhiteElo "1905"]
[BlackElo "1888"]
[WhiteTeam "Costa Rica"]
[BlackTeam "Bolivia"]
[WhiteFideId "6502911"]
[BlackFideId "3301923"]
[EventDate "2021.09.02"]
[EventType "team"]

1. e4 e6 2. d3 d5 3. Nd2 Nf6 4. Ngf3 b6 5. g3 Bb7 6. Qe2 Be7 7. Bg2 O-O 8. O-O
c5 9. e5 Nfd7 10. c3 Qc7 11. Re1 Nc6 12. Nf1 d4 13. c4 Nd8 14. Bf4 a6 15. h4 b5
16. cxb5 axb5 17. Rec1 Qb6 18. Ng5 Bxg5 19. hxg5 Bd5 20. Nd2 Nc6 21. Bxd5 exd5
22. Kg2 Rfe8 23. Nf3 Nf8 24. b3 Ra3 25. Qc2 Nd7 26. Re1 Nb4 27. Qe2 Qg6 28. Red1
Rea8 29. Nh4 Qe6 30. Qf3 Rxa2 31. Rxa2 Rxa2 32. g4 Nxe5 33. Bxe5 Qxe5 34. Nf5
Ra7 35. Rc1 c4 36. bxc4 dxc4 37. dxc4 d3 38. cxb5 Qe8 39. Rb1 Nc2 40. Kg3 g6 41.
Nh6+ Kg7 42. Qxd3 Qe5+ 43. f4 Qc7 44. Rc1 Ra3 45. Qxa3 1-0

[Event "Online Olym Div2 E 2021"]
[Site "chess.com INT"]
[Date "2021.09.03"]
[Round "5.2"]
[Board "5"]
[White "Titichoca Daza, Daniel"]
[Black "Cabezas Solano, David Alejandro"]
[Result "1-0"]
[WhiteTitle "CM"]
[BlackTitle "CM"]
[WhiteElo "2061"]
[BlackElo "2004"]
[WhiteTeam "Bolivia"]
[BlackTeam "Costa Rica"]
[WhiteFideId "3309550"]
[BlackFideId "6507522"]
[EventDate "2021.09.02"]
[EventType "team"]

1. b3 e5 2. Bb2 Nc6 3. c4 Nf6 4. g3 d5 5. cxd5 Qxd5 6. Nf3 Bg4 7. Nc3 Qd7 8. Bg2
Bc5 9. h3 Bf5 10. g4 Bg6 11. Nh4 O-O-O 12. a3 Bd4 13. Nxg6 hxg6 14. e3 Bb6 15.
b4 Qd3 16. Rc1 g5 17. Qe2 Rhe8 18. Qxd3 Rxd3 19. Ke2 Rd7 20. Ne4 Nxe4 21. Bxe4
Rd6 22. Rc2 g6 23. h4 gxh4 24. Rxh4 Nd8 25. Rh7 Rd7 26. a4 Ne6 27. Rh1 a5 28.
Bc3 axb4 29. Bxb4 Ng5 30. Bg2 e4 31. Bc3 Rd6 32. Rhc1 c6 33. Rb2 Bc7 34. Rcb1 b6
35. Rc2 c5 36. a5 bxa5 37. Rb5 Ne6 38. Bxa5 Bxa5 39. Rxa5 f5 40. gxf5 gxf5 41.
Bh3 Rd5 42. Ra7 Red8 43. Rf7 Nc7 44. Bxf5+ Kb8 45. Bxe4 R5d7 46. Rxd7 Rxd7 47.
Rxc5 Ne6 48. Re5 Nc7 49. d4 Rf7 50. f4 Kc8 51. f5 Kd7 52. Bd3 Rf6 53. e4 Kd6 54.
Rc5 Rh6 55. e5+ Kd7 56. f6 Ne6 57. Bf5 Rh2+ 58. Ke3 Rh1 59. Bxe6+ Kxe6 60. Rc6+
Kf7 61. Rc7+ Ke6 62. Rc6+ Kf7 63. Rc7+ Ke6 64. Re7+ Kd5 65. f7 Rf1 66. e6 Rf6
67. Re8 1-0

[Event "Online Olym Div2 E 2021"]
[Site "chess.com INT"]
[Date "2021.09.03"]
[Round "5.2"]
[Board "6"]
[White "Diaz Charpentier, Kristel Meliss"]
[Black "Beltran Salvador, Milka"]
[Result "1-0"]
[WhiteElo "1898"]
[BlackElo "1602"]
[WhiteTeam "Costa Rica"]
[BlackTeam "Bolivia"]
[WhiteFideId "6511708"]
[BlackFideId "3310078"]
[EventDate "2021.09.02"]
[EventType "team"]

1. Nf3 d5 2. b3 c5 3. Bb2 e6 4. g3 Nf6 5. Bg2 Nc6 6. O-O Bd6 7. c4 d4 8. e3 e5
9. exd4 exd4 10. d3 O-O 11. Na3 a6 12. Re1 Bg4 13. h3 Bf5 14. Nc2 Qc7 15. a3 a5
16. Qd2 Nd7 17. Nh4 Bg6 18. b4 axb4 19. axb4 cxb4 20. Nxd4 Nc5 21. Nb5 Qd7 22.
Rxa8 Rxa8 23. Nxg6 hxg6 24. d4 Na4 25. Ra1 Nb6 26. Nxd6 Rxa1+ 27. Bxa1 Qxd6 28.
c5 Nc4 29. Qc1 Qe6 30. d5 Qe2 31. dxc6 bxc6 32. Bf1 Qd2 33. Qxc4 1-0

[Event "Online Olym Div2 E 2021"]
[Site "chess.com INT"]
[Date "2021.09.03"]
[Round "5.3"]
[Board "1"]
[White "Christie, Joshua"]
[Black "Benitez Galeano, Alejandro"]
[Result "1-0"]
[WhiteTitle "FM"]
[BlackTitle "FM"]
[WhiteElo "2206"]
[BlackElo "2201"]
[WhiteTeam "Jamaica"]
[BlackTeam "Paraguay"]
[WhiteFideId "7402074"]
[BlackFideId "3703568"]
[EventDate "2021.09.02"]
[EventType "team"]

1. d4 d5 2. c4 dxc4 3. e3 e5 4. Bxc4 Nc6 5. Nf3 e4 6. Nfd2 Qg5 7. g3 Nf6 8. Nc3
Bb4 9. O-O Qf5 10. f3 Bxc3 11. bxc3 exf3 12. e4 Qh5 13. Qxf3 Bg4 14. Qf2 Bh3 15.
Re1 O-O 16. e5 Ng4 17. Qf4 Kh8 18. Ne4 Nxh2 19. Be2 Bg4 20. Nf6 gxf6 21. Qxf6+
Kg8 22. Bh6 Qg6 23. Bxf8 Rxf8 24. Kxh2 Bxe2 25. Qxg6+ hxg6 26. Rxe2 Na5 27. Rae1
c6 28. Kg2 Nc4 29. e6 f5 30. e7 Re8 31. g4 Kf7 32. Kg3 Nd6 33. gxf5 gxf5 34. Re5
Ne4+ 35. Kf4 Rxe7 36. Rxe7+ 1-0

[Event "Online Olym Div2 E 2021"]
[Site "chess.com INT"]
[Date "2021.09.03"]
[Round "5.3"]
[Board "2"]
[White "Heinechen, Juan"]
[Black "Lorne, Ras Malaku"]
[Result "1-0"]
[BlackTitle "FM"]
[WhiteElo "2146"]
[BlackElo "2117"]
[WhiteTeam "Paraguay"]
[BlackTeam "Jamaica"]
[WhiteFideId "3701018"]
[BlackFideId "7400330"]
[EventDate "2021.09.02"]
[EventType "team"]

1. e4 c6 2. d4 d5 3. Nc3 dxe4 4. Nxe4 Nf6 5. Ng3 e5 6. N1e2 Be6 7. Bg5 Nbd7 8.
Ne4 Qa5+ 9. Bd2 Qc7 10. Nxf6+ Nxf6 11. dxe5 Qxe5 12. Bc3 Qe4 13. f3 Qh4+ 14. g3
Qh5 15. Nf4 Qg5 16. Qe2 Bc5 17. Nxe6 fxe6 18. Qxe6+ Kf8 19. Bxf6 gxf6 20. f4 Qg7
21. O-O-O Re8 22. Qf5 Be3+ 23. Kb1 Qg6 24. Qd7 Re7 25. Qd8+ Re8 26. Qd6+ Kg7 27.
Qd7+ Kh6 28. Bd3 Qh5 29. Qxb7 Qc5 30. Qf7 Bd4 31. c3 Bxc3 32. bxc3 Qxc3 33. Bc2
Rb8+ 34. Bb3 Rhe8 35. Rd7 Rh8 36. g4 Qe3 37. Qg7# 1-0

[Event "Online Olym Div2 E 2021"]
[Site "chess.com INT"]
[Date "2021.09.03"]
[Round "5.3"]
[Board "3"]
[White "Miller, Rachel"]
[Black "Perez Rodriguez, Jennifer"]
[Result "1-0"]
[WhiteTitle "CM"]
[BlackTitle "WIM"]
[WhiteElo "2004"]
[BlackElo "2251"]
[WhiteTeam "Jamaica"]
[BlackTeam "Paraguay"]
[WhiteFideId "7401302"]
[BlackFideId "3507831"]
[EventDate "2021.09.02"]
[EventType "team"]

1. e4 e5 2. Nf3 Nc6 3. Bb5 f5 4. d3 fxe4 5. dxe4 Nf6 6. O-O d6 7. Bc4 Na5 8. Bd3
Be7 9. b4 Nc6 10. b5 Nb8 11. Bc4 Bg4 12. h3 Bh5 13. Nc3 Nbd7 14. Qd3 Nc5 15. Qe3
Bxf3 16. Qxf3 Qd7 17. a4 Ne6 18. Be3 Nd4 19. Bxd4 exd4 20. Ne2 d5 21. exd5 O-O-O
22. Nxd4 Nxd5 23. Rad1 Rhf8 24. Qb3 Nf4 25. Nc6 Bd6 26. Nxd8 Qxd8 27. Qf3 Qh4
28. Qg4+ Qxg4 29. hxg4 Bc5 30. g3 Ng6 31. Kg2 Ne5 32. Be6+ Kb8 33. f4 Ng6 34.
Rd7 Ne7 35. Rd3 a6 36. c4 axb5 37. axb5 Ka7 38. Rh1 h6 39. Rhd1 Rf6 40. Bd5 Nc8
41. Bf3 Nd6 42. Bd5 Kb6 43. Re1 Rf8 44. Re7 Nf5 45. Re6+ Nd6 46. Rg6 Ra8 47.
Rxg7 Ra2+ 48. Kh3 Bg1 49. g5 h5 50. Bg2 Nf5 51. Rd1 Bf2 52. Rg6+ Ka5 53. Be4
Nxg3 54. Bd3 Ra3 55. Kg2 Ra2 56. Kf3 h4 57. Rh6 h3 58. g6 h2 59. Rxh2 1-0

[Event "Online Olym Div2 E 2021"]
[Site "chess.com INT"]
[Date "2021.09.03"]
[Round "5.3"]
[Board "4"]
[White "Vargas, Gabriela"]
[Black "Clarke, Adani"]
[Result "1-0"]
[WhiteTitle "WIM"]
[BlackTitle "WCM"]
[WhiteElo "2152"]
[BlackElo "1811"]
[WhiteTeam "Paraguay"]
[BlackTeam "Jamaica"]
[WhiteFideId "3700860"]
[BlackFideId "7402082"]
[EventDate "2021.09.02"]
[EventType "team"]

1. d4 e6 2. Nf3 Nf6 3. Bg5 c5 4. e3 d5 5. c3 Be7 6. Bd3 h6 7. Bh4 O-O 8. Nbd2
Nbd7 9. O-O b6 10. Ne5 Bb7 11. f4 Nxe5 12. fxe5 Ne4 13. Bxe7 Qxe7 14. Bxe4 dxe4
15. Qg4 Qg5 16. Rf4 f5 17. exf6 Rxf6 18. Nxe4 Bxe4 19. Qxg5 hxg5 20. Rxe4 Rc8
21. Rf1 Kf7 22. Re5 cxd4 23. exd4 Kg6 24. Rfe1 Rc6 25. a3 a6 26. h3 b5 27. Rc5
Rd6 28. Ree5 Rf5 29. g3 Kf6 30. Kg2 Kg6 31. g4 Rxe5 32. Rxe5 Kf6 33. Kg3 Rd8 34.
Rc5 Rd6 35. Kf3 Kg6 36. Ke4 Kf6 37. d5 exd5+ 38. Rxd5 Re6+ 39. Kf3 Rc6 40. Rf5+
Kg6 41. a4 bxa4 42. Ra5 Rb6 43. Rxa4 Rxb2 44. Rxa6+ Kf7 45. Ke4 Rh2 46. Kf5 Rxh3
47. Ra7+ Kf8 48. Rc7 Rg3 49. Kxg5 Rg1 50. c4 g6 51. Kf6 Ke8 52. g5 Kd8 53. Rc5
Rc1 54. Kxg6 Kd7 55. Re5 Rxc4 56. Kg7 Rc7 57. Re1 Kd6+ 58. Kg8 Rc8+ 59. Kh7 Rc7+
60. Kh6 Rf7 61. g6 Rf6 62. Kh7 Rf2 63. g7 Rh2+ 64. Kg8 Rf2 65. Re4 Kd7 66. Kh7
Rh2+ 67. Kg6 Rg2+ 68. Kh6 Kd6 69. Re8 Rh2+ 70. Kg6 Rg2+ 71. Kf7 Rf2+ 72. Kg8 Kd7
73. Rf8 Rg2 74. Kf7 Rf2+ 75. Kg6 Rg2+ 76. Kf6 Rf2+ 77. Ke5 Re2+ 78. Kd4 Rg2 79.
g8=Q 1-0